1173 1755 1185 1327 1815 1840 1369 1646 1073 1747 1954 1962 1802 1624 1981 1488 1735 1401 1451 1094 1237 1173 1746 1577 1942 1715 1254 1401 1776 1337 1056 1910 1066 1712 1039 1783 1741 1883 1775 1304 1784 1612 1696 1095 1038 1228 1257 1886 1449 1841 1404 1766 1580 1630 1108 1071 1955 1931 1696 1122 1458 1829 1489 1038 1312 1427 1503 1861 1842 1438 1426 1843 1193 1030 1800 1624 1504 1973 1168 1932 1890 1195 1551 1476 1547 1342 1425 1352 1958 1508 1536 1014 1585 1033 1998 1233 1322 1280 1485 BCNSPRNW ULIB Ver.6.0+V

เปลี่ยนเป็นภาษาไทย

Change to English
 แสดงรายละเอียดบรรณานุกรม
  กลับหน้าหลัก

Brief Record : Get Marc (ISO 2709) : E-mail record : QR code < ปิดหน้าต่าง
LEADER : 00000nam 2200000uu 4500
001    13399114570
003     ULIB
008    120418s2545||||th 000 0 tha d
020    ^a974905136X
090    ^aรส.^bศ328ส 2545
100 0  ^aศักดิ์สิริ มีสมสืบ
245 00 ^aสมควรตาย : รวม 10 เรื่องสั้นของ นักเขียนรางวัลซีไรต์/^cศักดิ์สิริ มีสมสืบ
250    ^aพิมพ์ครั้งที่ 1
260    ^aกรุงเทพฯ :^bopenbooks,^c2545
300    ^a185 หน้า
710 1  ^aopenbooks
945    ^p0^l0^i11135
995    ^aกัณชพร
999    ^aใช้งานได้ทุกระบบ
รายการนี้ยังไม่มีแท็ก
คุณยังไม่ได้ล็อกอิน คุณสามารถมีกิจกรรมร่วมกับเว็บไซต์ได้ แต่ต้องล็อกอินก่อน ::
  ล็อกอิน

รายการสื่อสารสนเทศ

ลำดับที่ ประเภท เลขเรียก/บาร์โค้ด สถานที่ สถานะ
- ไม่พบข้อมูล -

BibComment


ยังไม่เคยถูกคอมเมนท์

คอมเมนท์ทรัพยากรรายการนี้
  คอมเมนท์: สมควรตาย รวม 10..


 Copyright 2026. Bcnsprnw @Library